| 000 | 00408cam a22001454a 4500 | ||
|---|---|---|---|
| 020 | _a0792367812 (alk. paper) | ||
| 040 | _cDLC | ||
| 082 | 0 | 0 | _a581 KLU 2001 C151 Or. |
| 100 | 1 | _aWickens, G. E | |
| 245 | 1 | 0 |
_aEconomic botany : _bprinciples and practices / |
| 260 |
_aDordrecht ; _aBoston : _bKluwer Academic, _cc2001 |
||
| 300 |
_axiv, 535 p. : _bill. ; _c25 cm |
||
| 650 | 0 | _aBotany, Economic | |
| 942 | _cAEDBB | ||
| 999 |
_c18704 _d18704 |
||